000 00660nam a2200241Ia 4500
003 OSt
005 20220923214558.0
006 a|||||r|||| 00| 0
007 ta
008 220922b |||||||| |||| 00| 0 hin d
024 _a171,030
037 _cTextual
040 _aARTS
_cARTS
_bhin
041 _2hin
_ahin
082 _aO152:3N14x, K8-;1-;2
100 _aयशपाल
245 0 _aभूख के तीन दिन
246 _aBhūkh ke tīn dina
260 _c1968
490 _aविप्लव प्रकाशन; 43
942 _hO152:3N14x, K8-;1-;2
_cTEXL
_2CC
999 _c325265
_d325265